| 000 | 01655nam a22002777a 4500 | ||
|---|---|---|---|
| 001 | 9131 | ||
| 003 | FISKH | ||
| 005 | 20251124141552.0 | ||
| 008 | 251124b cb ||||| |||| 00| 0 eng d | ||
| 040 |
_aFISKH _beng _cFISKH _dFISKH |
||
| 050 | _aQC16.E5 B437 | ||
| 082 | _a530.092 | ||
| 100 | _aBerne, Jennifer | ||
| 245 |
_aOn a beam of light: _bA story of Albert Einstein / _cby Jennifer Berne ; pictures by Vladimir Radunsky |
||
| 250 | _aFirst Chromicle Boooks LLC paperback edition published in 2016 | ||
| 260 |
_aSan Francisco : _bChromicles book, _c2013 |
||
| 300 |
_a56 unnumbered pages : _bcolor illustrations ; _c25 x 26 cm |
||
| 505 | _aR | ||
| 520 | _aBiography & Autobiography. Juvenile Nonfiction. Science. HTML:A boy rides a bicycle down a dusty road. But in his mind, he envisions himself traveling at a speed beyond imagining, on a beam of light. This brilliant mind will one day offer up some of the most revolutionary ideas ever conceived. From a boy endlessly fascinated by the wonders around him, Albert Einstein ultimately grows into a man of genius recognized the world over for profoundly illuminating our understanding of the universe. Jennifer Berne and Vladimir Radunsky invite the reader to travel along with Einstein on a journey full of curiosity, laughter, and scientific discovery. Parents and children alike will appreciate this moving story of the powerful difference imagination can make in any life. | ||
| 521 | 8 |
_a680
_bLexile AD |
|
| 521 | 8 |
_aR
_bRaz-Plus |
|
| 650 |
_aBiography _vCuriosity _xAlbert Einstein |
||
| 700 |
_aRadunsky, Vladimir _eillustrator |
||
| 942 |
_2ddc _cBK _n0 |
||
| 999 |
_c9131 _d9131 |
||